Poslední střípek / (Záznam č. 34208)

Podrobnosti MARC
000 -Návěští
Řídící pole kódované 24B 02513nam a2200505 i 4500
001 - Kontrolní číslo
Řídící pole proměnné 5230461
003 - Identifikátor kontrolního čísla
Řídící pole proměnné CZ PrSKC
005 - Datum posledního zpracování
Řídící pole 16B 20260422105447.0
007 - Pole pevné délky pro fyzický popis
Řídící pole kódované ta
008 - Údaje pevné délky
Řídící pole kódované 40B 260414s2026 xr g 000 f cze
015 ## -
-- cnb003743895
020 ## - ISBN
ISBN 978-80-249-5879-8
-- (brožováno)
040 ## - Zdroj katalogizace-agentura
Agentura původní katalogizace ABG001
Jazyk katalogizace cze
Použitá pravidla popisu rda
041 1# - Kód jazyka
Kód jazyka textu/zvuku, mezititulků cze
Kód jazyka originálu eng
072 #7 - Kód předmětové kategorie - Konspekt
Předmětová kategorie 821.111(73)-3
Zpřesnění předmětové kategorie Americká próza
Zdroj předmětové klasifikace Konspekt
-- 25
080 ## - MDT
Klasifikační znak MDT 821.111(73)-31
Idetifikátor vydání MDT MRF
080 ## - MDT
Klasifikační znak MDT (0:82-312.4)
Idetifikátor vydání MDT MRF
080 ## - MDT
Klasifikační znak MDT (0:82-312.5)
Idetifikátor vydání MDT MRF
044 ## - Kód země vydání/výroby
Kód geografické oblasti/země xr
100 1# - Hlavní záhlaví - osobní jméno autora
Osobní jméno Cowles, Catherine
-- xx0344123
Kód role aut
9 (RLIN) 20696
240 10 - Unifikovaný název
Unifikovaný název <a href="All the missing pieces.">All the missing pieces.</a>
Jazyk díla Česky
245 10 - Údaje o názvu
Název Poslední střípek /
Údaj o odpovědností, atd. Catherine Cowles ; přeložila Zuzana Hanešková
250 ## - Údaje o vydání
Označení vydání Vydání první
264 #1 - Nakladatelské údaje
Místo vydání Praha :
Nakladatel Ikar,
Rok vydání 2026
300 ## - Fyzický popis
Rozsah 391 stran ;
Rozměry 20 cm
336 ## -
-- text
-- txt
-- rdacontent
337 ## -
-- bez média
-- n
-- rdamedia
338 ## -
-- svazek
-- nc
-- rdacarrier
500 ## - Všeobecná poznámka
Text obecné poznámky Přeloženo z angličtiny
520 2# - Anotace
Anotace, atd. Při zkoumání nevyřešených případů pro svůj podcast narazí hlavní hrdinky nejen na nové stopy zločinů, ale i na pohledného šerifa. Román americké autorky kombinuje prvky true crime a romantiky.
Rozšířený text anotace Ridley Sawyerová dobře ví, jaké je to přijít o kus sebe samé - kdysi totiž beze stopy zmizelo její dvojče. Teď cestuje po USA, ve svém podcastu zkoumá nevyřešené případy a snaží se dosáhnout spravedlnosti pro ostatní, když se jí to nepodařilo u sestry. Pak ji však jeden případ zavede do městečka, kde dělá šerifa Colter Brooks. A ten rozhodně nechce, aby mu tam nějaká podcasterka dělala problémy. Jenže kromě neshod se mezi nimi objevuje i nečekaná přitažlivost. A jakmile se ve vyšetřování objeví nové skutečnosti, začnou se společně přibližovat k pravdě. Ale každý jejich krok vpřed může být tím posledním... Nakladatelská anotace.
655 #7 - Rejstříkový termín - žánr/forma
Žánr/forma či základní termín americké romány
-- fd131796
-- czenas
655 #7 - Rejstříkový termín - žánr/forma
Žánr/forma či základní termín detektivní romány
-- fd132010
-- czenas
655 #7 - Rejstříkový termín - žánr/forma
Žánr/forma či základní termín milostné romány
-- fd132840
-- czenas
655 #9 - Rejstříkový termín - žánr/forma
Žánr/forma či základní termín American fiction
-- eczenas
655 #9 - Rejstříkový termín - žánr/forma
Žánr/forma či základní termín detective novels
-- eczenas
655 #9 - Rejstříkový termín - žánr/forma
Žánr/forma či základní termín love novels
-- eczenas
700 1# - Vedlejší záhlaví - osobní jméno autora
Osobní jméno Hanešková, Zuzana
-- jn20020716059
Kód role trl
9 (RLIN) 13831
710 2# - Vedlejší záhlaví - jméno korporativního autora
Jméno korporace nebo jurisdikce Ikar (nakladatelství)
-- xx0237091
Kód role pbl
9 (RLIN) 20498
900 ## -
-- ABG001
-- 19
928 9# -
-- Euromedia Group, a.s. - Ikar
998 ## - Místní kontrolní číslo (RLIN)
-- 010831892
910 ## - Údaje o vlastníkovi jednotky (exempláře)
Sigla vlastníka jednotky ABG508
993 ## - pracovní čísla
-- 312.00
-- 449.00
-- Team Business
-- 2026-04-22
-- 1076113
Jednotky
Stav ztráty Zdroj klasifikace pro skladování Stav poškození
  Universal Decimal Classification  

Používáme knihovní systém Koha